Reflections on Asean

Bibliographic Details
Main Author: Mahathir Mohamad, Tun
Other Authors: Hashim Makaruddin
Format: Book
Published: Selangor : Pelanduk Publications , 2007
Subjects:

MARC

LEADER 00000cam a2200000 7i4500
001 0000015213
005 20080326.0
008 080319
020 |a 9679788849 
090 0 0 |a 959   |b MAH 
100 0 |a Mahathir Mohamad, Tun 
245 1 0 |a Reflections on Asean   |c Tun Mahathir Mohamad ; edited by Hashim Makaruddin 
260 |a Selangor :   |b Pelanduk Publications ,   |c 2007 
650 0 |a Asia, Southeastern   |x Economic conditions 
650 0 |a Asia, Southeastern   |x Foreign relations 
650 0 |a Asia, Southeastern   |x Politics and goverment 
650 0 |a Speeches, addresses, etc 
700 0 |a Hashim Makaruddin 
999 |a 0001016256   |b Book   |c Adult Collection   |e Perbadanan Perpustakaan Awam Johor 
999 |a 0001016257   |b Book   |c Adult Collection   |e Cawangan Urban Transformation Centre 
999 |a 0001016258   |b Book   |c Adult Collection   |e Perbadanan Perpustakaan Awam Johor 
999 |a 0001016728   |b Book   |c Adult Collection   |e Cawangan Bandar Penawar